Figli diversi. New generation

I tiakina i:
Ngā taipitopito rārangi puna kōrero
Kaituhi matua: Dall'Orto Giovanni
Hōputu: Pukapuka
Reo:Undetermined
I whakaputaina: Casale Monferrato (AL) Sonda 2005
Ngā Tūtohu: Tāpirihia he Tūtohu
Kāore He Tūtohu, Me noho koe te mea tuatahi ki te tūtohu i tēnei pūkete!

MARC

LEADER 00000nam a2200000Ia 4500
001 335
003 NUMERAZIONE-ORIGINALE-BRESCIA
005 20260206230752.0
008 260206s9999 xx 000 0 und d
100 |a Dall'Orto Giovanni 
245 0 |a Figli diversi. New generation 
260 |a Casale Monferrato (AL) 
260 |b Sonda 
260 |c 2005 
500 |a Manuali educativi 
500 |a Una guida per vivere serenamente l'o. in famiglia 
942 |2 ddc  |c BK  |n 0 
952 |0 0  |1 0  |2 ddc  |4 0  |6 14  |7 0  |9 28534  |a BS  |b BS  |d 2026-02-06  |i 335  |l 0  |o 1-4-*  |r 2026-02-06 22:40:37  |w 2026-02-06  |x [REVISIONARE]  |y BK 
999 |c 24204  |d 24204